| 000 | 01567nam a2200361 c 4500 | ||
|---|---|---|---|
| 003 | BLK | ||
| 005 | 20180421000558.0 | ||
| 008 | 180411b bul|||||r ||||||| ||bul|| | ||
| 010 | _aKNG00198561000 | ||
| 040 | _aBLK | ||
| 041 |
_aBUL _cBUL |
||
| 080 |
_aХидротерапия (водотерапия). Балнеолечение. Курортотерапия - Лечение с бани, горещи бани, сауна, хладни бани, речно къпане, влажни фрикции, компреси, с "жива вода"(алкално активирана, с ph 9, 6;курорт _b615.838 _x(497.2) _z615.838(497.2) |
||
| 100 | 1 |
_aИстатков, Николай _eпърви автор _973206 |
|
| 139 |
_aИстатков, Николай _bИ 94 |
||
| 245 | 1 | 0 |
_aБързия [Михайловградски окръг] _cНиколай Истатков. |
| 257 | _aBGR | ||
| 260 |
_аСофия _bМедицина и физкултура _c1979 _fПловдив : Д. Благоев |
||
| 300 |
_a32 с. _bс ил. _c17 см |
||
| 380 | _a61 | ||
| 490 | 1 | _aНаши курорти | |
| 500 | _a1 100 тир. | ||
| 650 | 4 |
_aКурорти - България _9319021 |
|
| 650 | 4 |
_aБалнеотерапия - България _9246845 |
|
| 651 | 4 |
_aБългария _9241624 |
|
| 653 | _aБързия | ||
| 653 | _aкурорти | ||
| 653 | _aбалнеолечение | ||
| 852 | _aЦб І 17003 | ||
| 856 | 4 |
_qpdf _u |
|
| 856 | 4 |
_qpdf _u |
|
| 942 |
_cKNG _n0 |
||
| 944 |
_aCR _c19.12.2016 _kЕлиз_Шакирова |
||
| 944 |
_aED _c19.12.2016 _kЕлиз_Шакирова |
||
| 999 |
_c189517 _d189517 |
||